| 000 | 00428nam a2200169Ia 4500 | ||
|---|---|---|---|
| 008 | 221030s9999 xx 000 0 und d | ||
| 020 | _a8120311779 | ||
| 041 | _aEnglish | ||
| 082 |
_a105.23 _bLan |
||
| 100 | _aY. Langsam | ||
| 245 | 0 |
_aData Structures Using C & C++ _cby Y. Langsam, M. J. Augenstein |
|
| 260 |
_bPHI _aNew Delhi _c2001 |
||
| 300 | _a672 | ||
| 650 | _aBE Computer | ||
| 700 | _aM. J. Augenstein | ||
| 942 | _cBK | ||
| 999 |
_c1686 _d1686 |
||